000 00698na a2200253 4500
001 12660
003 MIRAKIL
005 20181213154758.0
008 160813b tu 000 0
020 _a97897501244
035 _a12660
040 _aMilas
_btur
_cTR-AnCHP
082 _a155.2
_bT94g 2007
090 _a155.2 T94g 2007
100 _aTükek, Yaşar
245 _aGizli uygarlığın güçlü özgürlüğü
_bSosyal bütünleşme
_cYaşar Tükek
246 _aSosyal bütünleşme
260 _aİstanbul
_b[yayl.y.]
_c2007
300 _a215 s.
_bres.
_c21 sm.
504 _aKaynakça var.
650 _aİletişim, Psikolojide
650 _aKişisel gelişim
942 _2ddc
_cBKS
999 _c719
_d719